Geography starting with K - Statistics

General Stats
  • This quiz has been taken 35 times
  • The average score is 6 of 10
Answer Stats
Letters Clue Answer % Correct
4 Ukraines capital Kiev
100%
5 African country whose named after mountain Kenya
91%
11 Capital of Malaysia Kuala Lumpur
85%
8 Oceanic country Kiribati
82%
10 Bihkeks country Kyrgyzstan
70%
7 Idi Amins capital Kampala
64%
6 Third largest Japanese island Kyushu
58%
9 Capital of landlocked Asian country Kathmandu
55%
13 Worlds third highest mountain Kangchenjunga
12%
12 Capital city of Sabah ,Malaysia Kota Kinabalu
9%
No matching quizzes found
Score Distribution
Percent of People with Each Score
Percentile by Number Answered
Your Score History
You have not taken this quiz